000 01125nam a22002417a 4500
003 LK-CoDNM
005 20241122100601.0
008 241015b |||||||| |||| 00| 0 eng d
040 _aLK-CoDNM
_dLK-CoDNM
_eLK-CoDNM
041 _aeng
080 _a751.73
_bචූටිවොංග්
100 _aනන්දන චූටිෙවාංග්ස්, ලීලානන්ද , ෙප්‍ර්මතිලක , ෙරා්ලන්ඩ් ද සිල්වා
245 _aශ්‍රී ලංකා බිතුසිතුවම්
_b-දඹාව-1990
260 _aෙකාළඹ
_bමධ්‍යම සංස්කෘතික අරමුදල
_c1990
300 _b116p. : ill ; 54 cm
500 _aMonthly magazine
650 _aශ්‍රී ලංකා බිතුසිතුවම්
650 _a-දඹාව-1990
650 _a751.73 චූටිවොංග්
650 _a1990
650 _aනන්දන චූටිෙවාංග්ස්, ලීලානන්ද , ෙප්‍ර්මතිලක , ෙරා්ලන්ඩ් ද සිල්වා
942 _cBK
999 _c232058
_d232058